000
002750000a22000970004500
100
1
_a
Tallach, John
245
1
0
_a
Placing reason on the stool of wonderment
300
_a
Vol. 8, Num. 1 (1990), Páginas 43-54
773
0
_t
Scottish Bulletin of Evangelical Theology
942
_c
ANA
999
_c
55677
_d
55677